Harry Potter od A do Z - Statystyki

Ogólne statystyki
  • Ten quiz został rozwiązany 838 razy
  • Średni wynik to 14 z 24
Statystyki odpowiedzi
Podpowiedź Odpowiedź % Poprawnych
Ozdobna przepaska Roweny Ravenclaw - jeden z horkruksów (D) Diadem
94%
Jedno z Insygniów Śmierci (C) Czarna Różdżka
89%
Imię węża Lorda Voldemorta (N) Nagini
87%
Dyrektorka Hogwartu znana z umiłowania do kotów i koloru różowego(U) Umbridge
84%
Jak nazywa się zjawa, którą zwalcza się zaklęciem Riddikulus (B) Bogin
83%
Jakiego rannego zwierzęcia szukają Harry, Neville, Hermiona i Malfoy podczas kary, którą odbywają w Zakazanym Lesie? (J) Jednorożca/ Jednorożec
79%
Nauczyciel Obrony przed Czarną Magią z głowy któego wyrastał Voldemort(Q) Quirrell
72%
Magiczne stworzenie skazane na śmierć za rzekome zaatakowanie Malfoya na lekcji OPieki nad Magicznymi Stworzeniami (H) Hipogryf
70%
Jak ma na imię dziadek Voldemorta? (M) Marvolo
66%
Jaki eliksir wypił Harry, żeby wydobyć od profesora Slugorna wspomnienie o młodym Voldemorcie? (F) Felix Felicis
65%
Imię młodszego brata Syriusza Blacka(R) Regulus
65%
Zaklęcie, które wprawiło w ruch maczugę trolla w pierwszej części przygód Pottera(W) Wingardium Leviosa
65%
Jak ma na imię ojciec Luny LOvegood? (K) Ksenofilius
55%
Jak miała na nazwisko rodzina czarodziejów czystej krwi, której potomkiem był Salazar Slytherin? Należała do niej matka Voldemorta (G) Gaunt
54%
Jak ma na imię brat Albusa Dumbledore'a? (A) Aberforth
51%
Jak ma na imię syn Lupina i Tonks (T) Teddy
50%
Jakie mityczne stworzenie spotkał Harry w labiryncie, podczas ostatniego zadania Turnieju Trójmagicznego - odpowiedź na jego zagadkę pozwoliła mu przejść dalej(S) Sfinks/Sfinksa
49%
Ślizgonka, która towarzyszyła Malfoyowi podczas Balu Bożonarodzeniowego(P) Pansy Parkinson
40%
Imię jednego z centaurów zamieszukujących Zakazany Las(Z) Zakała
32%
Angielskie miasto w hrabstwie Surrey, w którym znajdował się dom Dursleyów (L) Little Whinging
26%
Jak nazywa się przyrząd podobny do lornetki, używany przez Harrey'ego podczas Mistrzostw Świata w Quidditchu, który mógł spowolnić, przyspieszyć bądź powtórzyć każdą akcję na boisku(O) Omnikulary
21%
Marietta, przyjaciółka Cho Chang, która wydała Umbridge Gwardię Dumbledore'a (E) Edgecombe
20%
Jak miała na nazwisko nauczycielka numerologii? (V) Vector
20%
Zaklęcie, które chwilowo spowolniało ofiarę (I) Impedimento/Impedimenta
15%
Nie znaleziono quizów pasujących do podanych kryteriów
Rozkład punktacji
Procent ludzi z każdym wynikiem
Percentyl według liczby udzielonych odpowiedzi
Twoja historia wyników
Nie rozwiązałeś tego quizu